World's richest countries by GDP - Statistics

General Stats
  • This quiz has been taken 45 times
    42 since last reset
  • The average score is 32 of 40
Answer Stats
GPD/captia Countries % Correct
$80,035 United States
100%
$82,655 Norway
95%
$49,448 Spain
95%
$65,842 Sweden
95%
$65,366 Australia
93%
$60,177 Canada
93%
$73,386 Denmark
93%
$60,897 Finland
93%
$66,132 Germany
93%
$87,963 Switzerland
93%
$54,216 Italy
90%
$51,809 Japan
90%
$203,404 Monaco
90%
$56,471 United Kingdom
90%
$69,502 Austria
88%
$54,046 New Zealand
88%
$142,490 Luxembourg
85%
$72,973 Netherlands
85%
$56,706 South Korea
83%
$58,828 France
80%
$124,834 Qatar
80%
$64,836 Saudi Arabia
80%
$133,895 Singapore
80%
$88,221 United Arab Emirates
80%
$65,501 Belgium
78%
$145,196 Ireland
78%
$133,735 Liechtenstein
78%
$78,926 San Marino
78%
$68,998 Andorra
76%
$69,779 Iceland
73%
$60,596 Bahrain
71%
$73,344 Taiwan
71%
$53,037 Kuwait
68%
$61,939 Malta
66%
$52,641 Slovenia
66%
$54,997 Israel
61%
$50,961 Czech Republic
56%
$75,583 Brunei
46%
$54,611 Cyprus
44%
$60,648 Guyana
12%
No matching quizzes found
Score Distribution
Percent of People with Each Score
Percentile by Number Answered
Your Score History
You have not taken this quiz since the last reset